00865nam a2200229 a 450000100100000000500170001000800410002704000130006808200150008110000290009624500960012525000130022126000840023430000210031850000420033965000370038165000330041865100450045104900090049695201130050599900170061800001630320200929164348.0100303s1984 pr 000 0 spa d aDO-SdBNP a326bS939d1 aSuarez Díaz, Ada9362613aEl doctor Ramón Emeterio Betances y la abolición de la esclavitud /cAda Suarez Díaz. a3ra. ed. aSan Juan, Puerto Rico :bInstituto de Cultura PuertorriqueñaeCorripioc1984. a161 p. ;c20 cm. aIncluye notas al pie de las páginas 4aEsclavitud en puerto rico936393 4aNegros en puerto rico936394 4aPuerto RicoxCondiciones Sociales912600 aBNPD 001050718MOaPDbPDcCTd2010-03-03iLF1l0o326 S939dp16303-10r2020-06-25w2020-06-25y1ZNo se presta c15838d15838